Statistiques concernant Pokémon par description

Cliquez ici pour prendre le quiz!

Statistiques générales

  • Ce quiz a été pris 157 fois
  • Le résultat moyen est 24 sur 45

Statistiques - réponses

HintRéponse% Correct
Comme il porte le crâne de sa mère sur la tête, nul ne connaît son vrai visage. Une seule chose est sûre : il ne cesse de pleurer.Osselait
91%
Dans la mythologie, ce Pokémon existait déjà avant la formation de l'univers.Arceus
90%
La seule chose qui l'intéresse, c'est manger. Il ne se réveille même pas si quelqu'un grimpe sur son ventre pendant qu'il fait une sieste.Ronflex
88%
Découvert en même temps que les Poké Balls. Il paraît qu'il existe un lien entre les deux.Voltorbe
87%
Ses quatre bras lui permettent d'attaquer et de se défendre en même temps. Il maîtriserait tous les arts martiaux existantsMackogneur
84%
Il est le fruit de nombreuses expériences génétiques horribles et malsaines.Mewtwo
84%
Ce Pokémon brutal est armé de canons hydrauliques. Ses puissants jets d'eau sont dévastateurs.Tortank
82%
Le légendaire oiseau des glaces. On dit qu'il apparaît aux gens perdus dans les sommets.Artikodin
80%
Il utilise l'effet centrifuge pour manier sans trop d'effort ses piliers de béton et déclencher des attaques puissantes.Bétochef
76%
Il avale tout en une bouchée. Ses sucs digestifs peuvent digérer n'importe quoi.Avaltout
75%
On dit qu'il a fait monter les eaux en causant des pluies diluviennes. Il somnolait dans une fosse marine.Kyogre
75%
Un Pokémon Insecte des temps anciens modifié par la Team Plasma. Le canon dans son dos a été grandement amélioré.Genesect
74%
Les mythes parlent de ce Pokémon. On dit que le temps s'est mis en mouvement à sa naissance.Dialga
71%
Ne se contentant pas de percevoir les auras, il peut également les modifier. Il n'hésite pas à s'en servir en plein combat.Lucario
70%
C'est le Pokémon le plus paresseux du monde. Il est cependant capable de libérer une puissance phénoménale en une seule attaque.Monaflémit
70%
Le motif de son masque est son visage quand il était humain. Parfois, il le regarde et se met à pleurer.Tutafeh
69%
Un Pokémon composé de 108 esprits. Il provient d'une fissure dans une clé de voûte étrange.Spiritomb
68%
Son cerveau grossit sans arrêt, multipliant sans cesse ses cellules. Ce Pokémon a un QI incroyablement élevé, de 5 000. Il peut garder en mémoire tout ce qui s'est passé dans le monde.Alakazam
67%
Son hurlement s'entend à 10 Km à la ronde. Ses orifices émettent toutes sortes de bruits.brouhabam
65%
Il endort humains et Pokémon, et leur fait avoir des cauchemars pour les chasser de son territoire.Darkrai
63%
On raconte qu'une fois tous les mille ans, il a la capacité d'exaucer tous les vœux durant une semaine.Jirachi
62%
Une poupée mue par la tristesse qui la ronge depuis qu'on l'a délaissée. Elle recherche son propriétaire.Branette
61%
Un Pokémon légendaire assez puissant pour embraser le monde entier. Il soutient les défenseurs de la Réalité.Reshiram
60%
Une légende tenace veut que ce Pokémon ait traîné les continents en les attachant à des cordes.Regigigas
58%
Sa température est d'environ 10 000 °C. L'eau s'évapore à son contact. Si ce Pokémon se retrouve sous la pluie, les gouttes d'eau forment de la vapeur et couvrent la zone de brouillard.Volcaropod
58%
Quand il est face à un ennemi, il laisse s'échapper des gerbes de flammes par ses poignets. Ses jambes lui permettent de sauter par-dessus les immeubles.Braségali
51%
On dit que ce Pokémon immortel peut offrir ses forces vitales. Il a été ranimé après avoir passé 1000 ans endormi sous la forme d'un arbre.Xerneas
50%
Les nuits de pleine lune, il imite l'ombre des passants et se moque de leur effroi.Ectoplasma
48%
Il mange la poussière flottant dans l'atmosphère. La couleur de son noyau change en fonction de la composition de la poussière ingérée.Météno
46%
Il a enfin libéré tout son pouvoir et peut changer de type à volonté. L'énergie qui afflue en lui le fait briller d'une lueur argentéeSilvallié
44%
Les humains qui osent menacer son habitat finissent par errer éternellement dans les bois, victimes de ses illusions.Zoroark
36%
Il est capable de faire le tour de la planète en seize heures à peine. C'est un Pokémon au grand cœur qui ramène à bon port les navires perdus dans les tempêtes.Dracolosse
35%
Il peut terrasser des ennemis bien plus imposants en libérant une décharge de 100 000 V.Raichu
35%
Dans les temps anciens, aucun Pokémon ne pouvait rivaliser avec lui. Ses puissantes mâchoires peuvent réduire une épaisse plaque de métal en confettis.Rexillius
31%
Les motifs sur son corps ressemblent à un visage menaçant. Les adversaires les plus craintifs fuient à la seule vue de ce Pokémon.Arbok
29%
Il dispose de quatre cerveaux. Combinés, ces cerveaux peuvent effectuer des calculs très complexes plus vite qu'un ordinateur. Ce Pokémon peut flotter dans l'air en repliant ses jambes.Métalosse
28%
On le dit capable de parcourir plus de 10 000 km en 24h. Le feu qui fait rage à l'intérieur du corps de ce Pokémon est la source de son pouvoir.Arcanin
26%
Tout corps ingéré par ce Pokémon est systématiquement dissout en bouillie.Empiflor
24%
Le nuage de pluie qu'il porte peut relâcher la foudre à volonté. On dit de lui qu'il est venu avec l'orage.Raikou
24%
En colère, il crache des flammes contenant une toxine qui peut causer des dégâts irréversibles.Démolosse
20%
Cet être mystérieux viendrait d'un autre monde. Il absorbe continuellement la lumière, transformant le jour en nuit noire.Lunala
19%
Les jardins fleuris sont son territoire. Il se baigne dans l'énergie dégagée par les plantes en fleurs pour l'absorber.Florges
14%
Il utilise ses ailes pour contrôler avec précision sa posture en vol. Ses attaques aériennes sont difficiles à parer.Brutalibré
13%
Il vole à la vitesse d'un avion à réaction et ne lâche jamais sa proie. Si en vol il croise une nuée de Pokémon oiseaux, il les avale d'une seule bouchée.Carchacrok
8%
Il accède à la conscience des individus en se synchronisant avec eux. Cette faculté l'aide à prendre soin d'eux.Magearna
4%

Distribution des résultats

Percentile par nombre de réponses

% des personnes avec chaque résultat

Votre développement - résultats

Vous n’avez pas pris ce quiz